Le microcosme animal en Égypte ancienne : de l'effroi à la vénération : études d'archéo- et d'ethnoarthropodologie culturelle /

Saved in:

Other Authors: Aufrère, Sydney (Editor), Spieser, Cathie, 1965- (Editor)

Format: Book

Language: French

Published: Leuven ; Bristol, CT : Peeters, 2021.

Series: Orientalia Lovaniensia analecta ; 297

Subjects:

Tags: Add Tag

No Tags, Be the first to tag this record!

Call Number: DS1 .O7 v.297

LEADER 01527nam a22003977a 4500
003 OSt
005 20260429083940.0
008 260429t2021 be a b 000 0 fre d
010 |a  2021443466 
020 |a 9789042940239  |q (hardbound) 
020 |a 9042940239  |q (hardbound) 
020 |z 9789042940246  |q (epub) 
024 3 |a 9789042940239 
035 |a 22458452 
040 |a OHX  |b eng  |e rda  |c OHX  |d LUN  |d CGU  |d OCLCO  |d JPG  |d OCLCF  |d OCLCO  |d DLC 
042 |a lccopycat 
043 |a f-ua--- 
050 1 4 |a DS1  |b .O7 v.297 
082 0 4 |a 932  |2 23 
245 0 3 |a Le microcosme animal en Égypte ancienne :  |b de l'effroi à la vénération : études d'archéo- et d'ethnoarthropodologie culturelle /  |c édité par Sydney H. Aufrère et Cathie Spieser. 
246 3 0 |a De l'effroi à la vénération :  |b études d'archéo- et d'ethnoarthropodologie culturelle 
264 1 |a Leuven ;  |a Bristol, CT :  |b Peeters,  |c 2021. 
300 |a xii, 491 pages :  |b illustrations (some color) ;  |c 26 cm. 
336 |a text  |b txt  |2 rdacontent 
337 |a unmediated  |b n  |2 rdamedia 
338 |a volume  |b nc  |2 rdacarrier 
490 0 |a Orientalia Lovaniensia analecta ;   |x 0777-978X ;  |v 297 
504 |a Includes bibliographical references. 
650 0 |a Animal worship  |z Egypt. 
651 0 |a Egypt  |x Religion. 
700 1 |a Aufrère, Sydney,  |e editor. 
700 1 |a Spieser, Cathie,  |d 1965-  |e editor. 
906 |a 7  |b cbc  |c copycat  |d 4  |e ncip  |f 20  |g y-gencatlg 
942 |2 lcc  |c BK 
955 |b rn08 2022-03-09 z-processor  |h ti85 2023-05-06 to CMD 
999 |c 62205  |d 62205